Письма (Запись № 39850)

Подробности
000 -МАРКЕР
контрольное поле 02370nam0a2200409 4500
001 - ИДЕНТИФИКАТОР ЗАПИСИ
контрольное поле RU\NLR\bibl\1512902
005 - ИДЕНТИФИКАТОР ВЕРСИИ
контрольное поле 20260405054457.0
010 ## - МЕЖДУНАРОДНЫЙ СТАНДАРТНЫЙ НОМЕР КНИГИ (ISBN)
Номер (ISBN) 5-87991-069-5
Уточнения В пер.
Тираж 2000
035 ## - ДРУГИЕ СИСТЕМНЫЕ НОМЕРА
Идентификатор записи (nilc)EL/0000143608
035 ## - ДРУГИЕ СИСТЕМНЫЕ НОМЕРА
Идентификатор записи (NLR Aleph) 001504291
100 ## - ДАННЫЕ ОБЩЕЙ ОБРАБОТКИ
Данные общей обработки 20070918d2006 |||y0rusy50 ca
101 1# - ЯЗЫК РЕСУРСА
Язык текста, звукозаписи и т.д. русский
Язык оригинала немецкий
102 ## - СТРАНА ПУБЛИКАЦИИ ИЛИ ПРОИЗВОДСТВА
Страна публикации Российская Федерация
105 ## - ПОЛЕ КОДИРОВАННЫХ ДАННЫХ: ТЕКСТОВЫЕ МАТЕРИАЛЫ, МОНОГРАФИЧЕСКИЕ
Кодированные данные о монографическом текстовом документе a z |||||
200 1# - ЗАГЛАВИЕ И СВЕДЕНИЯ ОБ ОТВЕТСТВЕННОСТИ
Основное заглавие Письма
Параллельное заглавие Briefe
Сведения, относящиеся к заглавию [1875-1911]
Первые сведения об ответственности Густав Малер
Последующие сведения об ответственности пер. с нем. С.А. Ошерова [и др.]
-- сост. и коммент. И.А. Барсовой, Д.Р. Петрова
-- общ. ред. и послесл. И.А. Барсовой
-- [Федер. целевая прогр. "Культура России" (подпрогр. "Поддержка полиграфии и книгоизд. России")]
Язык параллельного заглавия немецкий
210 ## - ПУБЛИКАЦИЯ, РАСПРОСТРАНЕНИЕ И ДР.
Место издания, распространения и т.д. Санкт-Петербург
Имя издателя, распространителя и т. д. Издательство имени Н.И. Новикова
Дата издания, распространения и т.д. 2006
215 ## - ФИЗИЧЕСКАЯ ХАРАКТЕРИСТИКА
Специфическое обозначение материала и объем 888, [2] с., [1] л. портр.
Другие сведения о физической характеристике ил., портр.
Размеры 24
225 1# - СЕРИЯ
Основное заглавие серии Австрийская библиотека
300 ## - ОБЩИЕ ПРИМЕЧАНИЯ
Текст примечания Загл. и авт. также на англ. яз.: Gustav Mahler
311 ## - ПРИМЕЧАНИЯ, ОТНОСЯЩИЕСЯ К ПОЛЯМ СВЯЗИ (ПРИМЕЧАНИЯ О СВЯЗИ С ДРУГИМИ ПРОИЗВЕДЕНИЯМИ (ИЗДАНИЯМИ))
Текст примечания В тексте предисл.: Второе собрание писем Г. Малера. Первое находится в сб. "Густав Малер. Письма. Воспоминания" вышедшем в 1964 г.
320 ## - ПРИМЕЧАНИЯ О НАЛИЧИИ В ДОКУМЕНТЕ БИБЛИОГРАФИИ / УКАЗАТЕЛЯ
Текст примечания Библиогр.: с. 843-853
320 ## - ПРИМЕЧАНИЯ О НАЛИЧИИ В ДОКУМЕНТЕ БИБЛИОГРАФИИ / УКАЗАТЕЛЯ
Текст примечания Вспом. указ.: произведений Малера, имен: с. 854-886
488 #0 - ДРУГИЕ ВЗАИМОСВЯЗАННЫЕ ПРОИЗВЕДЕНИЯ (ДОКУМЕНТЫ)
Встроенное поле 2001#$aГустав Малер. Письма. Воспоминания
-- 210##$d1964
Заглавие Густав Малер. Письма. Воспоминания
510 1# - ПАРАЛЛЕЛЬНОЕ ЗАГЛАВИЕ
Связь между полями z22790
Параллельное заглавие Briefe
Язык заглавия английский
600 #1 - ИМЯ ЛИЦА КАК ПРЕДМЕТ
Начальный элемент ввода Малер
Часть имени, кроме начального элемента ввода Г.
Даты 1860 - 1911
Расширение инициалов личного имени Густав
Формальный подзаголовок Переписка
Системный номер авторитетной/нормативной записи 1595537
Идентификатор авторитетной/нормативной записи RU\NLR\auth\66701718
686 ## - ИНДЕКСЫ ДРУГИХ КЛАССИФИКАЦИЙ
Индекс Щ313(4А)53-81Малер13
Издание LBC/SL
Код системы
686 ## - ИНДЕКСЫ ДРУГИХ КЛАССИФИКАЦИЙ
Индекс Щ313(4А)53-81Малер13
700 #1 - ИМЯ ЛИЦА - ПЕРВИЧНАЯ ОТВЕТСТВЕННОСТЬ
Код отношения Автор
Материалы, к которым относится поле rus
Графика поля Кириллица
Начальный элемент ввода Малер
Часть имени, кроме начального элемента ввода Г.
Даты 1860-1911
Расширение инициалов личного имени Густав
Идентификатор авторитетной/нормативной записи RU\NLR\auth\7718194
Системный номер авторитетной/нормативной записи 1276
790 #1 - ИМЯ ЛИЦА - АЛЬТЕРНАТИВНАЯ ФОРМА
Код отношения Автор
Графика поля Латинская
Материалы, к которым относится поле ger
Начальный элемент ввода Mahler
Часть имени, кроме начального элемента ввода G.
Даты 1860-1911
Расширение инициалов личного имени Gustav
Системный номер авторитетной/нормативной записи 218828
Идентификатор авторитетной/нормативной записи RU\NLR\AUTH\770218884
801 #0 - ИСТОЧНИК ЗАПИСИ
Страна Российская Федерация
Организация ГПИБ России
Дата составления 20070918
Правила каталогизации rcr
801 #1 - ИСТОЧНИК ЗАПИСИ
Страна Российская Федерация
Организация ГПИБ России
Дата составления 20070918
801 #2 - ИСТОЧНИК ЗАПИСИ
Страна Российская Федерация
Организация NLR
Дата составления 20100304
Правила каталогизации rcr
942 ## - ДОПОЛНИТЕЛЬНЫЕ ЭЛЕМЕНТЫ ЗАПИСИ (АБИС)
Тип экземпляра АБИС Книга
980 ## - КОЛЛЕКЦИЯ
Название коллекции Национальная библиография
Экземпляры
Тип экземпляра Дата поступления Источник поступления Стоимость Библиотека постоянного хранения Библиотека текущего хранения Место хранения Шифр хранения Штрих-код Статус экземпляра
Книга 18.05.2010 Покупка 1184.00 РНБ (Московский) РНБ (Московский) Русский книжный фонд: издания с 1957 года 2010-7/2647 1-1470414  
Книга 18.05.2010 Покупка 1184.00 РНБ (Московский) РНБ (Московский) Русский книжный фонд: издания с 1957 года 2010-7/2647 1-2899785